Neuropsychological Assessments of Dementia in Down Syndrome and Intellectual Disabilities

This fully updated and expanded second edition of a successful book reviews  the most important neuropsychological measures currently used in the assessment of dementia by the principal clinicians and researchers associated with the tests. Several clinicians and research workers, who have been at th...

Full description

Bibliographic Details
Corporate Author: SpringerLink (Online service)
Other Authors: Prasher, Vee P. (Editor, http://id.loc.gov/vocabulary/relators/edt)
Format: Electronic eBook
Language:English
Published: Cham : Springer International Publishing : Imprint: Springer, 2018.
Edition:2nd ed. 2018.
Subjects:
Online Access:Full Text via HEAL-Link
LEADER 03574nam a2200469 4500
001 978-3-319-61720-6
003 DE-He213
005 20191028052238.0
007 cr nn 008mamaa
008 170919s2018 gw | s |||| 0|eng d
020 |a 9783319617206  |9 978-3-319-61720-6 
024 7 |a 10.1007/978-3-319-61720-6  |2 doi 
040 |d GrThAP 
050 4 |a RC346-429.2 
072 7 |a MJN  |2 bicssc 
072 7 |a MED056000  |2 bisacsh 
072 7 |a MKJ  |2 thema 
082 0 4 |a 616.8  |2 23 
245 1 0 |a Neuropsychological Assessments of Dementia in Down Syndrome and Intellectual Disabilities  |h [electronic resource] /  |c edited by Vee P. Prasher. 
250 |a 2nd ed. 2018. 
264 1 |a Cham :  |b Springer International Publishing :  |b Imprint: Springer,  |c 2018. 
300 |a XVII, 311 p. 22 illus., 20 illus. in color.  |b online resource. 
336 |a text  |b txt  |2 rdacontent 
337 |a computer  |b c  |2 rdamedia 
338 |a online resource  |b cr  |2 rdacarrier 
347 |a text file  |b PDF  |2 rda 
505 0 |a Overview of the diagnostic instruments for dementia in people with intellectual disability --  Issues in Dementia Assessment -- The Dementia Questionnaire for persons with intellectual disabilities (DMR) -- Dementia Scale for Down Syndrome -- The Dyspraxia Scale for adults with Down syndrome -- Adaptive Behavior Change and Dementia in Down Syndrome: Case   Classification using the Adaptive Behavior Scale -- The Cambridge Examination for Mental Disorders of Older People with Down's Syndrome and Others with Intellectual Disabilities (CAMCOG-DS) -- The Test for Severe Impairment -- Detection of Memory Impairment: The Cued Recall Test -- The Adaptive Behaviour Dementia Questionnaire (ABDQ) -- Dementia Screening Questionnaire for Individuals with Intellectual Disabilities -- Rapid  Assessment for developmental Disabilities -- Severe Impairment Battery -- Strengths of Previous Work and Future Challenges. 
520 |a This fully updated and expanded second edition of a successful book reviews  the most important neuropsychological measures currently used in the assessment of dementia by the principal clinicians and researchers associated with the tests. Several clinicians and research workers, who have been at the forefront in developing the tests in question, provide clear practical guidance on the scope of each test, use in research, as well as an analysis of their accuracy and limitations. The international contributors have brought together a concise and practical guide on the role of neuropsychological testing to support the dementia assessment. Neuropsychological Assessments of Dementia in Down Syndrome and Intellectual Disabilities, Second Edition is an essential reference for all those working in the field of dementia and intellectual disabilities. 
650 0 |a Neurology . 
650 0 |a Neuroradiology. 
650 0 |a Neurosurgery. 
650 1 4 |a Neurology.  |0 http://scigraph.springernature.com/things/product-market-codes/H36001 
650 2 4 |a Neuroradiology.  |0 http://scigraph.springernature.com/things/product-market-codes/H2903X 
650 2 4 |a Neurosurgery.  |0 http://scigraph.springernature.com/things/product-market-codes/H39000 
700 1 |a Prasher, Vee P.  |e editor.  |4 edt  |4 http://id.loc.gov/vocabulary/relators/edt 
710 2 |a SpringerLink (Online service) 
773 0 |t Springer eBooks 
776 0 8 |i Printed edition:  |z 9783319617190 
776 0 8 |i Printed edition:  |z 9783319617213 
856 4 0 |u https://doi.org/10.1007/978-3-319-61720-6  |z Full Text via HEAL-Link 
912 |a ZDB-2-SME 
950 |a Medicine (Springer-11650)